Loading...
| Science - Physics | 3 | 4 | 0 | 1 | 85 | 34 | 83.14 | 3 | 4 |
| Fine Arts - Other Arts | 1 | 4 | 0 | 1 | 55 | 74 | 126.20 | 0 | 1 |
| History - World History | 0 | 5 | 0 | 3 | 50 | 130 | 137.40 | 0 | 0 |
| Fine Arts - Classical Music and Opera | 0 | 4 | 0 | 0 | 40 | 86 | 125.25 | 0 | 1 |
| Literature - World Literature | 0 | 4 | 0 | 1 | 40 | 138 | 145.75 | 0 | 0 |
| Literature - British Literature | 1 | 2 | 0 | 0 | 35 | 69 | 96.00 | 0 | 2 |
| Other Science (Math) | 0 | 4 | 2 | 2 | 30 | 76 | 114.50 | 0 | 0 |
| Literature - American Literature | 0 | 2 | 0 | 1 | 20 | 125 | 149.00 | 0 | 0 |
| Religion | 0 | 2 | 0 | 0 | 20 | 110 | 132.50 | 0 | 0 |
| Social Science | 0 | 2 | 1 | 0 | 15 | 115 | 128.50 | 0 | 0 |
| Other Science (Computer Science) | 0 | 1 | 0 | 0 | 10 | 116 | 116.00 | 0 | 0 |
| Modern World | 0 | 1 | 0 | 0 | 10 | 117 | 117.00 | 0 | 0 |
| Mythology | 0 | 1 | 0 | 1 | 10 | 158 | 158.00 | 0 | 0 |
| Other Academic | 0 | 1 | 0 | 0 | 10 | 154 | 154.00 | 0 | 0 |
| History - American History | 0 | 1 | 0 | 0 | 10 | 152 | 152.00 | 0 | 0 |
| Fine Arts - Painting and Sculpture | 0 | 1 | 1 | 0 | 5 | 119 | 119.00 | 0 | 1 |
| Philosophy | 0 | 1 | 1 | 1 | 5 | 146 | 146.00 | 0 | 0 |
| Geography | 0 | 1 | 1 | 1 | 5 | 149 | 149.00 | 0 | 0 |
| Literature - European Literature | 0 | 0 | 0 | 0 | 0 | 0.00 | 0 | 0 | |
| History - European History | 0 | 1 | 2 | 0 | 0 | 127 | 127.00 | 0 | 0 |
| Other Culture | 0 | 0 | 1 | 0 | -5 | 0.00 | 0 | 0 | |
| Science - Chemistry | 0 | 0 | 1 | 0 | -5 | 0.00 | 0 | 0 | |
| Other Science (Astronomy) | 0 | 0 | 1 | 0 | -5 | 0.00 | 0 | 0 |